00818nam a2200205 a 450000100060000000300080000600500170001400800410003103500190007204000380009104100080012908200210013724501920015826000450035030000250039550400530042065000270047370000270050071000850052717252BD-RjUL20211209000118.0140216s1964 b 001 0 eng d a(BD-RjUL)17310 aVCAVbengcVCAVdABN-SNRdBD-RjUL aeng04a658.01bTOW 196410aToward a unified theory of management :ba symposium held at the Graduate School of Business Administration, University of California, Los Angeles, November 8 and 9, 1962.cHarold Koontz. aNew York :bMcGraw-Hill Book Co,cc1964. axiv, 273 p ;c21 cm. aIncludes bibliographical references and indexes. 0aIndustrial management.1 aKoontz, Harold,d1908-2 aUniversity of California, Berkeley.bGraduate School of Business Administration.